Hogwarts Profesor's Quiz Stats

 Plays Quiz not verified by Sporcle

Challenge
Share
Tweet
Embed
Score 0/13 Timer 08:00
0 Plays Today
Subject Profesor % Correct
CharmsFlitwick
100%
TransfigurationMcGonagall
100%
PotionsSnape
100%
HerbologySprout
94.1%
Defence Against The Dark Arts (Year 1)Quirrell
94.1%
Care Of Magical CreaturesHagrid
94.1%
FlyingHooch
94.1%
History Of MagicBinns
88.2%
DivinationTrelawney
88.2%
AstronomySinistra
70.6%
ArithmancyVector
64.7%
Muggle StudiesBurbage
58.8%
Ancient RunesBabbling
52.9%

You're not logged in!

Compare scores with friends on all Sporcle quizzes.
OR
Log In

You Might Also Like...

Show Comments

Extras

Created Jun 5, 2012ReportNominate
Tags:subject

Top Quizzes Today


Score Distribution

Your Account Isn't Verified!

In order to create a playlist on Sporcle, you need to verify the email address you used during registration. Go to your Sporcle Settings to finish the process.

Report this User

Report this user for behavior that violates our Community Guidelines.

Details: